00473 2200181 4500001002100000008004100021035002000062245005100082100001600133250002000149260003400169300002000203020001800223084001500241082001000256650001600266990000900282INLIS000000000002276 ind  a0010-0425002276 aBatu MenangisbSeri Cerita RakyatcM. Rantissi aM. Rantissi aCetakan pertama aJakarta :bBintang Indonesia, a24 hlm.c19 cm. a602-218-229-8 a398.2 M. b a398.2 aM. Rantissi a6000